Sound light and music : projects for the LM 3909
| Main Author: | |
|---|---|
| Format: | Book |
| Published: |
Blue Ridge Summit PA :
TAB Books ,
1992
|
| Subjects: |
MARC
| LEADER | 00000cam a2200000 7i4500 | ||
|---|---|---|---|
| 001 | 0000004423 | ||
| 002 | 000004754 | ||
| 005 | 20000330.0 | ||
| 020 | |a 0830638024 | ||
| 090 | 0 | 0 | |a 621.381522 |b HOR |
| 100 | 1 | |a Horn, Delton T | |
| 245 | 1 | 0 | |a Sound light and music : |b projects for the LM 3909 |c Delton T.Horn |
| 260 | |a Blue Ridge Summit PA : |b TAB Books , |c 1992 | ||
| 300 | |a 235p. ; |c 25cm. | ||
| 650 | 0 | 0 | |a Integrated circuits |x Amateurs'manuals |
| 650 | 0 | 0 | |a Light emitting diodes |x Amateurs' Manuals |
| 999 | |a 030851 |b BUKU |c PINJAMAN |e PERPUSTAKAAN KOMUNITI PETALING JAYA | ||